Bandwagon Quiz - New York Mets - Statistics

General Stats
  • This quiz has been taken 482 times
  • The average score is 15 of 20
Answer Stats
Hint Answer % Correct
How many World Series titles do the Mets have? 2
99%
There is a giant statue of what fruit in the above ballpark's outfield? Apple
98%
In which New York City borough do the Mets play? Queens
98%
What is the name of the Mets' ballpark? Citi Field
97%
What is the name of the Mets' mascot? Mr. Met
96%
Who do the Mets play in the "Subway Series"? New York Yankees
91%
What legendary Mets pitcher was known as "Tom Terrific"? Tom Seaver
89%
What is the term "Mets" short for? Metropolitans
82%
What third baseman leads the Mets in all-time hits? David Wright
80%
Who is the current manager of the Mets? Carlos Mendoza
74%
What outfielder leads the Mets in all-time home runs? Darryl Strawberry
72%
Who is the owner of the Mets? Steve Cohen
72%
What Mets pitcher won a pitching Triple Crown in 1985? Dwight Gooden
69%
The Mets are known for getting into fights in the stands with what team? Philadelphia Phillies
69%
What former manager won Manager of the Year in 2022? Buck Showalter
66%
What is the name of the Mets' theme song, which they play at every home game? Meet the Mets
63%
What legendary comedian who has his own TV show is reportedly a huge Mets fan? Jerry Seinfeld
62%
What is the name of the Mets' Triple-A affiliate? Syracuse Mets
62%
What is the name of the section of very passionate Mets fans in center field? 7 Line Army
40%
The day in which the above player was traded was called what? Midnight Massacre
17%
No matching quizzes found
Score Distribution
Percent of People with Each Score
Percentile by Number Answered
Your Score History
You have not taken this quiz